Statystyki dla Farbowane lisy w piłce nożnej

Kliknij tutaj aby rozwiązać quiz!

Ogólne statystyki

  • Ten quiz został rozwiązany 31 razy
  • Średni wynik to 10 z 22

Statystyki odpowiedzi

PiłkarzNarodowość% Poprawnych
Thiago Cionek ( Polska)Brazylia
96%
Lukas Podolski (Niemcy)Polska
82%
Sergej Milinković-Savić (Serbia)Hiszpania
71%
Kevin-Prince Boateng (Ghana)Niemcy
68%
Thiago Alcantara (Hiszpania)Włochy
61%
Fernando Muslera (Urugwaj)Argentyna
54%
Hakim Ziyech (Maroko)Holandia
54%
Luka Jović (Serbia)Bośnia i Hercegowina
46%
Gonzalo Higuain (Argentyna)Francja
46%
Xherdan Shaqiri (Szwajcaria)Kosowo
46%
Breel Embolo (Szwajcaria)Kamerun
43%
Raheem Sterling (Anglia)Jamajka
39%
William Carvalho (Portugalia)Angola
36%
Christian Benteke (Belgia)Demokratyczna Republika Konga
36%
Ivan Rakitić (Chorwacja)Szwajcaria
36%
Giuseppe Rossi (Włochy)Stany Zjednoczone
32%
Bruno Martins Indi (Holandia)Portugalia
29%
Aiden McGeady (Irlandia)Szkocja
29%
Mahmoud Dahoud (Niemcy)Syria
25%
Mateo Kovacić (Chorwacja)Austria
21%
Emre Mor (Turcja)Dania
14%
Danilo Pereira (Portugalia)Gwinea Bissau
4%

Rozkład punktacji

Percentyl według liczby udzielonych odpowiedzi

Procent ludzi z każdym wynikiem

Twoja historia wyników

Nie rozwiązałeś tego quizu